El P. Luis Coloma (Record no. 161395)

MARC details
000 -LEADER
campo de control de longitud fija 00923nam a2200229 i 4500
001 - NÚMERO DE CONTROL
campo de control 161395
003 - IDENTIFICADOR DE NÚMERO DE CONTROL
campo de control ES-MaACL
005 - FECHA Y HORA DE LA ÚLTIMA TRANSACCIÓN
campo de control 20250818173938.0
008 - DATOS DE LONGITUD FIJA--INFORMACIÓN GENERAL
campo de control de longitud fija 931025q1891 sp f |||| |bspa d
100 1# - ENTRADA PRINCIPAL--NOMBRE DE PERSONA
Nombre de persona Pardo Bazán, Emilia,
Títulos y otros términos asociados al nombre Condesa de,
Fechas asociadas al nombre 1851-1921
9 (RLIN) 176434
245 13 - MENCIÓN DEL TÍTULO
Título El P. Luis Coloma
Resto del título : biografía y estudio crítico /
Mención de responsabilidad, etc. por Emilia Pardo Bazán.
260 ## - PUBLICACIÓN, DISTRIBUCIÓN, ETC.
Lugar de publicación, distribución, etc. Madrid :
Nombre del editor, distribuidor, etc. Sáenz de Jubera, Hermanos,
Fecha de publicación, distribución, etc. [1891] (
Fabricante Imp. de Antonio Pérez Dubrull)
300 ## - DESCRIPCIÓN FÍSICA
Extensión 121 p., [6] h. de lám. ;
Dimensiones 17 cm.
490 1# - MENCIÓN DE SERIE
Mención de serie Españoles ilustres
530 ## - NOTA DISPONIBLE DE FORMULARIO FÍSICO ADICIONAL
Nota de formato físico adicional disponible Disponible en formato digital.
600 14 - PUNTO DE ACCESO ADICIONAL DE MATERIA--NOMBRE DE PERSONA
Nombre de persona Coloma, Luis,
Fechas asociadas al nombre 1851-1915
9 (RLIN) 39805
830 0# - PUNTO DE ACCESO ADICIONAL DE SERIE-TÍTULO UNIFORME
Título uniforme Españoles ilustres
9 (RLIN) 183275
852 ## - LOCALIZACIÓN
Ubicación ES-MaACL
Número de control de estantería 1814-F-10
itemnumber 167444
Ubicación en estantería Depósito folletos
Nota libre Revisado enlace: 02 de Abril de 2025
856 ## - LOCALIZACIÓN Y ACCESO ELECTRÓNICOS
Identificador Uniforme de Recursos <a href="http://bdh-rd.bne.es/viewer.vm?id=0000201383&page=1 ">http://bdh-rd.bne.es/viewer.vm?id=0000201383&page=1 </a>
Texto de enlace Biblioteca Digital Hispánica
942 ## - ELEMENTOS DE ENTRADA SECUNDARIOS (KOHA)
Fuente del sistema de clasificación o colocación Clasificación decimal universal
Holdings
Estatus retirado Estado de pérdida Estado de daño No para préstamo Colección Biblioteca de origen Biblioteca actual Ubicación en estantería Fecha de adquisición Fuente de adquisición Total de préstamos Signatura topográfica completa Código de barras Visto por última vez Precio de reemplazo Tipo de ítem Koha
        Colección de folletos Biblioteca del Ateneo de Madrid Biblioteca del Ateneo de Madrid Depósito folletos 17/01/2008     1814-F-10 1169058 23/02/2023 23/02/2023 Folleto